[Event "4NCL/Div1/RIC-SL"]
[Site "Rd01-Birmingham"]
[Date "2000.09.23"]
[Round "1.5"]
[White "Webb, Laurence"]
[Black "McNab, Colin"]
[Result "0-1"]
[WhiteElo "2257"]
[BlackElo "2416"]
[PlyCount "130"]
[EventDate "2000.09.23"]

1. e4 g6 2. d4 d6 3. Nc3 c6 4. Nf3 Bg7 5. Be3 Nf6 6. Qd2 Qa5 7. Bd3 Bg4 8. e5
dxe5 9. Nxe5 Nbd7 10. h3 Be6 11. Nxd7 Nxd7 12. O-O O-O 13. Rad1 Rad8 14. Ne4
Qxd2 15. Nxd2 Nb6 16. c3 Na4 17. Bc2 b5 18. Bxa4 bxa4 19. b3 Rb8 20. d5 Bxd5
21. c4 Be6 22. Bxa7 Rb7 23. Bc5 axb3 24. axb3 Ra8 25. Rfe1 Kf8 26. Nf3 Bf6 27.
Bd4 Bxd4 28. Nxd4 Bd7 29. Re3 Ra2 30. c5 Be8 31. Rde1 Rd2 32. Nf3 Rd5 33. Rc3
f6 34. Rb1 Rb4 35. Ra1 Rb5 36. Rac1 Bf7 37. Kh2 e5 38. R1c2 g5 39. Nd2 Bg6 40.
Rb2 Rbxc5 41. Rxc5 Rxc5 42. b4 Rc2 43. Rxc2 Bxc2 44. Kg3 Ke7 45. Kf3 Ke6 46.
Ke3 Kd5 47. g3 h6 48. h4 g4 49. Nf1 h5 50. Kd2 Bg6 51. Kc3 f5 52. Nd2 f4 53.
Nf1 Bf5 54. Nd2 Bc8 55. Nf1 Ba6 56. Nd2 Bb5 57. Kc2 fxg3 58. fxg3 Kd4 59. Kd1
Bd3 60. Nb3+ Ke3 61. Nc5 Bf5 62. Na6 Kf2 63. Nb8 e4 64. Nxc6 e3 65. Nd4 Bd3 0-1

[Event "4NCL/Div1/RIC-SL"]
[Site "Rd01-Birmingham"]
[Date "2000.09.23"]
[Round "1.6"]
[White "Lawton, Geoff"]
[Black "Phillips, Roy"]
[Result "1-0"]
[WhiteElo "2378"]
[BlackElo "2240"]
[PlyCount "75"]
[EventDate "2000.09.23"]

1. d4 g6 2. c4 Bg7 3. e4 d6 4. Nc3 Nf6 5. f3 O-O 6. Be3 c6 7. Bd3 e5 8. d5 Nbd7
9. Nge2 Nc5 10. Bc2 a5 11. dxc6 bxc6 12. Qd2 Be6 13. Rd1 Nb7 14. b3 Nd7 15. O-O
Ndc5 16. Nc1 Qc7 17. Qf2 f5 18. exf5 Bxf5 19. Bxf5 Rxf5 20. N1e2 e4 21. Qg3
exf3 22. Rxf3 Rxf3 23. Qxf3 Rf8 24. Qg3 Be5 25. Qg4 Qf7 26. h3 Nd8 27. Ne4 Nxe4
28. Qxe4 c5 29. Kh1 a4 30. Bxc5 axb3 31. axb3 Nb7 32. Bg1 Na5 33. Rd3 Rc8 34.
Rf3 Qg7 35. b4 Nb7 36. Qd5+ Kh8 37. Rf7 Qh6 38. Rxb7 1-0

[Event "4NCL/Div1/RIC-SL"]
[Site "Rd01-Birmingham"]
[Date "2000.09.23"]
[Round "1.7"]
[White "Franklin, Michael"]
[Black "Lalic, Susan"]
[Result "0-1"]
[WhiteElo "2253"]
[BlackElo "2315"]
[PlyCount "70"]
[EventDate "2000.09.23"]

1. c4 e6 2. g3 d5 3. Bg2 c5 4. Nf3 Nc6 5. O-O Nf6 6. cxd5 exd5 7. d4 Be7 8. Nc3
O-O 9. Bg5 cxd4 10. Nxd4 h6 11. Bf4 Qb6 12. Nxc6 bxc6 13. Na4 Qa6 14. Rc1 Bg4
15. f3 Bd7 16. a3 Rfe8 17. Kh1 Rac8 18. Nc3 Be6 19. Re1 c5 20. e4 d4 21. Ne2
Red8 22. g4 c4 23. Ng3 c3 24. bxc3 dxc3 25. Qc2 Qxa3 26. Nf5 Bf8 27. Bf1 Qb2
28. Be5 Qxc2 29. Rxc2 Bb4 30. Nxh6+ gxh6 31. Bxf6 Rd2 32. Rcc1 c2 33. Bb2 Rf2
34. Re2 Rxe2 35. Bxe2 Bd2 0-1

[Event "4NCL/Div1/RIC-SL"]
[Site "Rd01-Birmingham"]
[Date "2000.09.23"]
[Round "1.8"]
[White "Buckley, Graeme"]
[Black "Buckley, Melanie"]
[Result "1-0"]
[WhiteElo "2351"]
[BlackElo "2124"]
[PlyCount "99"]
[EventDate "2000.09.23"]

1. d4 e6 2. e4 d5 3. e5 c5 4. c3 Nc6 5. Nf3 Qb6 6. Be2 cxd4 7. cxd4 Nh6 8. Nc3
Nf5 9. Na4 Qa5+ 10. Bd2 Bb4 11. Bc3 Bxc3+ 12. Nxc3 Qb6 13. Bb5 Bd7 14. Bxc6
Bxc6 15. Rb1 Rc8 16. h4 h5 17. O-O Bb5 18. Re1 Rc4 19. Qc2 Bd7 20. Rbd1 Nxd4
21. Rxd4 Rxd4 22. Nxd4 Qxd4 23. Nb5 Bxb5 24. Qc8+ Ke7 25. Qxh8 Qd2 26. Re3 d4
27. Rg3 Qe1+ 28. Kh2 Qxe5 29. Qa8 Bc6 30. Qxa7 Qd6 31. Qa5 e5 32. Rxg7 d3 33.
Qd2 Qf6 34. Rg3 e4 35. Kg1 Kd7 36. Rg5 Qd4 37. Rxh5 Qc4 38. b3 Qd4 39. Rg5 Qa1+
40. Kh2 Qf6 41. h5 b6 42. Rg3 Qe5 43. h6 Qh5+ 44. Kg1 Kc7 45. Rg8 Qe2 46. Qf4+
Kb7 47. Qxf7+ Ka6 48. Qc4+ Ka7 49. Rg7+ Bb7 50. Qd5 1-0

[Event "4NCL/Div1/SWD-WR"]
[Site "Rd01-Birmingham"]
[Date "2000.09.23"]
[Round "1.1"]
[White "Cooper, John"]
[Black "Mah, Karl"]
[Result "0-1"]
[WhiteElo "2341"]
[BlackElo "2411"]
[PlyCount "79"]
[EventDate "2000.09.23"]

1. d4 e6 2. c4 b6 3. Nc3 Bb7 4. a3 g6 5. e4 Bg7 6. Nf3 Ne7 7. h4 h6 8. Bf4 d6
9. Qc2 Nd7 10. O-O-O Nc6 11. d5 Nce5 12. Nd4 Qe7 13. g3 O-O 14. dxe6 fxe6 15.
Bh3 Nc5 16. Bxe5 dxe5 17. Nb3 Nxb3+ 18. Qxb3 Rxf2 19. c5 Qxc5 20. Kb1 Kh8 21.
Bxe6 Qe3 22. Bd5 Bxd5 23. Qxd5 Raf8 24. Rd3 Rf1+ 25. Rxf1 Rxf1+ 26. Ka2 Qc1 27.
Qe6 Rf8 28. Qxg6 Qf1 29. Rd1 Qc4+ 30. Ka1 a5 31. Rd7 Rf1+ 32. Nb1 Qg8 33. Rxc7
Rf6 34. Qg4 Kh7 35. Qe2 Qd8 36. Rc1 Qd4 37. Nc3 Rf2 38. Qb5 Rd2 39. Ka2 Qf2 40.
g4 {time} 0-1

[Event "4NCL/Div1/SWD-WR"]
[Site "Rd01-Birmingham"]
[Date "2000.09.23"]
[Round "1.2"]
[White "Dunnington, Angus"]
[Black "Dineley, Richard"]
[Result "1/2-1/2"]
[WhiteElo "2391"]
[BlackElo "2273"]
[PlyCount "66"]
[EventDate "2000.09.23"]

1. Nf3 Nf6 2. b3 e6 3. Bb2 b6 4. g3 Bb7 5. Bg2 Be7 6. O-O O-O 7. c4 c5 8. e3 d6
9. Nc3 Nbd7 10. d4 cxd4 11. Nxd4 Bxg2 12. Kxg2 Qc7 13. f4 Qb7+ 14. Qf3 Qxf3+
15. Kxf3 Rfc8 16. Rad1 a6 17. g4 Rab8 18. g5 Ne8 19. h4 g6 20. h5 Bf8 21. e4 e5
22. Nc2 exf4 23. Nb4 Ra8 24. Ncd5 b5 25. hxg6 fxg6 26. cxb5 axb5 27. Kxf4 Nc7
28. Nxc7 Rxc7 29. Rc1 Rac8 30. Rxc7 Rxc7 31. Rd1 Kf7 32. Rh1 Kg8 33. Rd1 Kf7
1/2-1/2

[Event "4NCL/Div1/SWD-WR"]
[Site "Rd01-Birmingham"]
[Date "2000.09.23"]
[Round "1.3"]
[White "Zeidler, Sven"]
[Black "Dearing, Eddie"]
[Result "0-1"]
[WhiteElo "2255"]
[BlackElo "2267"]
[PlyCount "88"]
[EventDate "2000.09.23"]

1. e4 g6 2. d4 Bg7 3. Nc3 d6 4. Bc4 c6 5. Qf3 e6 6. Nge2 b5 7. Bb3 a5 8. a3 Ba6
9. Bf4 Ne7 10. Qg3 Nc8 11. h4 h5 12. Rh3 O-O 13. Bg5 Qb6 14. Be3 d5 15. Nf4 Ne7
16. O-O-O Nd7 17. Nxe6 fxe6 18. Qd6 Qd8 19. Qxe6+ Kh7 20. exd5 cxd5 21. Nxd5
Nxd5 22. Bxd5 Re8 23. Qc6 Ra7 24. Bf7 Nf6 25. Bxe8 Nxe8 26. Rg3 Nf6 27. Bg5 Qd5
28. Qxd5 Nxd5 29. c3 b4 30. axb4 axb4 31. Re1 Bc4 32. Kb1 bxc3 33. bxc3 Ra2 34.
Rf3 Ra3 35. Bd2 Ra7 36. Re8 Bf1 37. Rg3 Rf7 38. Re6 Rxf2 39. Rexg6 Bd3+ 40. Kc1
Bxg6 41. c4 Rf1+ 42. Kb2 Bxd4+ 43. Kb3 Rb1+ 44. Ka3 Nb6 0-1

[Event "4NCL/Div1/SWD-WR"]
[Site "Rd01-Birmingham"]
[Date "2000.09.23"]
[Round "1.4"]
[White "Gayson, Peter"]
[Black "James, David J"]
[Result "0-1"]
[WhiteElo "2273"]
[BlackElo "2238"]
[PlyCount "66"]
[EventDate "2000.09.23"]

1. e4 c5 2. Nf3 d6 3. d4 cxd4 4. Nxd4 Nf6 5. Nc3 a6 6. f4 Qc7 7. Nf3 Nbd7 8. a4
g6 9. Bd3 Bg7 10. O-O O-O 11. Qe1 Nc5 12. Qh4 e6 13. Kh1 b6 14. f5 Bb7 15. Bh6
exf5 16. Ng5 Nxd3 17. cxd3 Rae8 18. exf5 Nh5 19. Bxg7 Kxg7 20. Nce4 h6 21. f6+
Kg8 22. Nh3 Qc2 23. Nhf2 Bxe4 24. dxe4 Re6 25. Rac1 Qxa4 26. g4 Nxf6 27. Qxh6
Nxg4 28. Qg5 Nxf2+ 29. Rxf2 Qxe4+ 30. Kg1 Re5 31. Qf6 Qe3 32. Rc6 Rg5+ 33. Kf1
Qd3+ 0-1

[Event "4NCL/Div1/SWD-WR"]
[Site "Rd01-Birmingham"]
[Date "2000.09.23"]
[Round "1.5"]
[White "Morris, Charles"]
[Black "Townsend, M Paul"]
[Result "1/2-1/2"]
[WhiteElo "2238"]
[BlackElo "2230"]
[PlyCount "51"]
[EventDate "2000.09.23"]

1. c4 e6 2. g3 Nf6 3. Bg2 d5 4. Nf3 Be7 5. b3 O-O 6. Bb2 c5 7. O-O Nc6 8. e3 d4
9. exd4 cxd4 10. Re1 Re8 11. a3 a5 12. d3 Bc5 13. Nbd2 e5 14. Ng5 Bg4 15. f3
Bf5 16. Qe2 h6 17. Nge4 Nd7 18. Rab1 Qe7 19. Ra1 Bb6 20. Bc1 Bg6 21. g4 Nd8 22.
Nf1 Ne6 23. Nfg3 Nec5 24. Rb1 Nxe4 25. fxe4 Nc5 26. Rf1 1/2-1/2

[Event "4NCL/Div1/SWD-WR"]
[Site "Rd01-Birmingham"]
[Date "2000.09.23"]
[Round "1.6"]
[White "Barrett, Stephen"]
[Black "Richmond, Peter"]
[Result "1/2-1/2"]
[WhiteElo "2217"]
[BlackElo "2220"]
[PlyCount "91"]
[EventDate "2000.09.23"]

1. d4 d5 2. c4 c6 3. Nf3 e6 4. cxd5 exd5 5. Nc3 Bf5 6. g3 Nf6 7. Bg2 Nbd7 8.
O-O Qb6 9. Nh4 Bg6 10. Nxg6 hxg6 11. e4 dxe4 12. Nxe4 Nxe4 13. Bxe4 Nf6 14. Bg2
O-O-O 15. Be3 Nd5 16. a3 f5 17. b4 Be7 18. Qc2 a6 19. Rab1 Rhe8 20. Bxd5 Rxd5
21. Rfc1 Bf6 22. Qb3 Red8 23. Rc5 Qc7 24. a4 Qd7 25. b5 axb5 26. axb5 Rxc5 27.
dxc5 cxb5 28. Qa3 Qd5 29. Rxb5 Be5 30. Qa8+ Kc7 31. Qa5+ Kc8 32. c6 Qxc6 33.
Rb1 Bc7 34. Qa8+ Kd7 35. Qxb7 Qxb7 36. Rxb7 Kc6 37. Rb1 Be5 {(=)} 38. Rc1+ Kd7
39. Rd1+ Ke8 40. Re1 Kf7 41. Kg2 Bf6 42. h3 g5 43. Rb1 Rd3 44. Rb5 Ke6 45. Kf3
Ra3 46. Rb6+ 1/2-1/2

[Event "4NCL/Div1/SWD-WR"]
[Site "Rd01-Birmingham"]
[Date "2000.09.23"]
[Round "1.7"]
[White "Binks, Michael"]
[Black "Burnett, Jim"]
[Result "0-1"]
[WhiteElo "2155"]
[BlackElo "2213"]
[PlyCount "67"]
[EventDate "2000.09.23"]

1. d4 d5 2. c4 e6 3. Nc3 c6 4. Nf3 dxc4 5. e3 b5 6. a4 Bb4 7. Bd2 a5 8. Ne5 Bb7
9. Qg4 Kf8 10. Be2 Nf6 11. Qh4 Nbd7 12. f4 Qb6 13. O-O Be7 14. f5 exf5 15. Rxf5
Bc8 16. axb5 cxb5 17. Nxb5 Nxe5 18. Rxe5 Be6 19. Rf1 h6 20. Nc3 Qxb2 21. Qe1
Qb8 22. Rb5 Qc7 23. Qb1 g6 24. e4 Qd8 25. d5 Bd7 26. Rb7 Bc8 27. Rb8 Rxb8 28.
Qxb8 Bd6 29. Qa8 Kg7 30. Bxc4 Qb6+ 31. Kh1 Qd4 32. Qc6 Be5 33. Be1 Ng4 34. Nb5
{time} 0-1

[Event "4NCL/Div1/SWD-WR"]
[Site "Rd01-Birmingham"]
[Date "2000.09.23"]
[Round "1.8"]
[White "Keeling, Karen"]
[Black "Cast, Abigail"]
[Result "1-0"]
[WhiteElo "1688"]
[BlackElo "2114"]
[Annotator "www.bcmchess.co.uk"]
[PlyCount "87"]
[EventDate "2000.09.23"]

1. c4 c6 2. e4 d5 3. exd5 cxd5 4. cxd5 Nf6 5. Nc3 g6 6. Bc4 Bg7 7. Nf3 O-O 8.
O-O Nbd7 9. Re1 Nb6 10. Qb3 Bf5 11. d3 Rc8 12. Bf4 h6 13. h3 g5 14. Bh2 Nfd7
15. Rad1 Nc5 16. Qa3 Bxc3 17. bxc3 a6 18. Ne5 Nxd5 19. d4 Ne4 20. Bxd5 Qxd5 21.
c4 Qe6 22. d5 Qf6 23. g4 Bh7 24. Qe3 Nc5 25. Rc1 Rfd8 26. Red1 e6 27. dxe6 Nxe6
28. Nd7 Qe7 29. Nb6 Rxd1+ 30. Rxd1 Rd8 31. Nd5 Qf8 32. Be5 Rxd5 33. cxd5 Nd8
34. Qc3 Qe7 35. Bf6 Qd7 36. Bxd8 Qxd8 37. d6 Qd7 38. Qc7 Qa4 39. Rc1 (39. Qc8+
Kg7 40. Qc3+ Kg8 41. Qc8+ Kg7 42. Qc3+ Kg8 43. d7 {is what appears quite
clearly and categorically on both players' score sheets, but Karen Keeling
says that the moves 39 Rc1 Qf4 were actually played and mistakenly left off
score sheets. This makes sense as otherwise 43 d7 would have left a rook en
prise}) 39... Qf4 40. Qc8+ Kg7 41. Qc3+ Kg8 42. Qc8+ Kg7 43. Qc3+ Kg8 44. d7 {
Input Source: John Saunders, British Chess Magazine} 1-0

[Event "4NCL/Div1/WG-PP"]
[Site "Rd01-Birmingham"]
[Date "2000.09.23"]
[Round "1.3"]
[White "Emms, John"]
[Black "Swanson, Stephen"]
[Result "1-0"]
[WhiteElo "2527"]
[BlackElo "2281"]
[PlyCount "47"]
[EventDate "2000.09.23"]

1. e4 g6 2. d4 d6 3. Nc3 Bg7 4. Be3 c6 5. Qd2 b5 6. Nf3 Nd7 7. Bd3 Qc7 8. O-O
Ngf6 9. Ne2 Ng4 10. Bg5 h6 11. Bh4 Nb6 12. h3 Nf6 13. e5 Nfd5 14. a4 Bd7 15. b3
b4 16. a5 Nc8 17. Bg3 O-O 18. Nf4 Nxf4 19. Bxf4 Kh7 20. Qxb4 c5 21. exd6 exd6
22. dxc5 Rb8 23. Qa3 Bxa1 24. Rxa1 1-0

[Event "4NCL/Div1/WG-PP"]
[Site "Rd01-Birmingham"]
[Date "2000.09.23"]
[Round "1.4"]
[White "Smith, Andrew P"]
[Black "Ward, Chris"]
[Result "0-1"]
[WhiteElo "2252"]
[BlackElo "2510"]
[PlyCount "130"]
[EventDate "2000.09.23"]

1. e4 e6 2. d4 d5 3. e5 c5 4. Qg4 Qa5+ 5. Nd2 Nc6 6. Ngf3 Nh6 7. Qf4 Nb4 8. Kd1
c4 9. Nb1 Nxa2 10. Na3 Nxc1 11. Qxc1 Qb6 12. c3 Bd7 13. Nc2 Ng4 14. Ke1 f5 15.
h3 Nh6 16. Be2 Be7 17. Bd1 O-O-O 18. Qb1 Kb8 19. Qa2 Rc8 20. Ne3 Nf7 21. Bc2 g6
22. Kd2 Ng5 23. Nxg5 Bxg5 24. h4 Bxe3+ 25. fxe3 a6 26. Qa3 Bb5 27. Qe7 Rce8 28.
Qg5 h6 29. Qg3 Rhg8 30. Rh2 Ka7 31. Qf4 g5 32. hxg5 Rxg5 33. Rah1 Reg8 34. Qf1
h5 35. Bd1 Be8 36. Kc1 Qa5 37. Kb1 Ba4 38. Bxa4 Qxa4 39. Qe2 Qe8 40. Rg1 Qg6
41. Ka2 Rg4 42. Qc2 Qe8 43. Kb1 R8g5 44. Re1 Re4 45. Re2 h4 46. Qd2 Qg6 47. Ka2
Rg3 48. Qe1 Qg4 49. Qf2 f4 50. Re1 Rexe3 51. Rxe3 fxe3 52. Qf8 Qg7 53. Qc5+ b6
54. Qc8 e2 55. Rh1 Qe7 56. Re1 Rxg2 57. Qh8 a5 58. Qh5 Qd7 59. Ka3 Qb5 60. Qh7+
Ka6 61. Qc2 Qb3+ 62. Qxb3 cxb3 63. c4 dxc4 64. d5 Rf2 65. dxe6 Rf1 0-1

[Event "4NCL/Div1/WG-PP"]
[Site "Rd01-Birmingham"]
[Date "2000.09.23"]
[Round "1.5"]
[White "Levitt, Jon"]
[Black "Hammond, Andrew"]
[Result "1-0"]
[WhiteElo "2438"]
[BlackElo "2213"]
[PlyCount "80"]
[EventDate "2000.09.23"]

1. d4 f5 2. Nc3 d5 3. Bf4 Nf6 4. e3 e6 5. Nf3 Bb4 6. a3 Bxc3+ 7. bxc3 c5 8. c4
Nc6 9. Bd3 dxc4 10. Bxc4 b5 11. Be2 c4 12. a4 Ba6 13. axb5 Bxb5 14. c3 O-O 15.
Qc2 Na5 16. O-O Nb3 17. Ra2 Nd5 18. Re1 a5 19. Nd2 Rc8 20. Be5 a4 21. e4 Ne7
22. Bf1 f4 23. Nf3 Ng6 24. Qb2 Qa5 25. Bd6 Rfd8 26. Bb4 Qa6 27. h4 Qb7 28. Qe2
Ne7 29. g3 Nc6 30. Ba3 fxg3 31. fxg3 Qc7 32. Kh2 e5 33. d5 Nb8 34. Ng5 Qa7 35.
Bh3 h6 36. Be6+ Kh8 37. Nf7+ Kh7 38. Qg4 g6 39. Nxd8 Rxd8 40. Rf1 Be8 1-0

[Event "4NCL/Div1/WG-PP"]
[Site "Rd01-Birmingham"]
[Date "2000.09.23"]
[Round "1.6"]
[White "Rosen, Daniel"]
[Black "Martin, Andrew"]
[Result "1/2-1/2"]
[WhiteElo "2221"]
[BlackElo "2445"]
[PlyCount "138"]
[EventDate "2000.09.23"]

1. e4 Nc6 2. Nf3 d6 3. d4 Nf6 4. Nc3 Bg4 5. Be2 e6 6. Be3 d5 7. exd5 Nxd5 8.
Nxd5 Qxd5 9. c3 Be7 10. h3 Bh5 11. Qb3 Qxb3 12. axb3 O-O 13. O-O Rfd8 14. b4 a6
15. b5 Bxf3 16. gxf3 axb5 17. Bxb5 Bd6 18. Bg5 Ne7 19. Bc4 h6 20. Bxe7 Bxe7 21.
f4 Bd6 22. d5 exd5 23. Bxd5 Rxa1 24. Rxa1 c6 25. Bb3 Bxf4 26. Rd1 Rxd1+ 27.
Bxd1 Kf8 28. Kf1 Ke7 29. Ke2 Kd6 30. Kd3 Bh2 31. Bb3 f5 32. Bf7 g5 33. Bh5 Ke5
34. Ke3 Bf4+ 35. Kf3 c5 36. b3 Bd2 37. c4 b6 38. Be8 Bc3 39. Bg6 Bb2 40. Be8
Ba3 41. Kg3 Bc1 42. f3 Be3 43. Kg2 Kd4 44. Bd7 Kc3 45. Ba4 h5 46. Kg3 Kd3 47.
Bd7 Kc3 48. Ba4 Bd4 49. Kg2 f4 50. Kf1 Kd3 51. Be8 Be3 52. Bd7 Bd2 53. Kf2 Bc3
54. Be8 Bd4+ 55. Kf1 Kd2 56. Bc6 Ke3 57. Bd5 Kd3 58. Bc6 Kd2 59. Be8 h4 60. Bd7
Be3 61. Bc6 Bd4 62. Bd7 Ke3 63. Bc6 Be5 64. Bb7 Kd3 65. Bc6 Bd4 66. Bd7 Kd2 67.
Bc6 Kc3 68. Ba4 Kd3 69. Bd7 Ke3 1/2-1/2

[Event "4NCL/Div1/WG-PP"]
[Site "Rd01-Birmingham"]
[Date "2000.09.23"]
[Round "1.7"]
[White "Littlewood, Paul"]
[Black "Moore, Gerald"]
[Result "1/2-1/2"]
[WhiteElo "2394"]
[BlackElo "2206"]
[PlyCount "152"]
[EventDate "2000.09.23"]

1. d4 Nf6 2. c4 g6 3. Nc3 d5 4. Nf3 Bg7 5. Bg5 Ne4 6. Bh4 Nxc3 7. bxc3 c5 8. e3
Nc6 9. Be2 O-O 10. O-O dxc4 11. Bxc4 a6 12. Be2 b5 13. Nd2 cxd4 14. cxd4 Na5
15. Qc1 Be6 16. Qa3 Re8 17. Bf3 Ra7 18. Rfc1 Nc4 19. Nxc4 Bxc4 20. Bc6 Rf8 21.
Rab1 Qc7 22. d5 Be5 23. Bg3 Bxg3 24. hxg3 Qd6 25. Qxd6 exd6 26. a4 Kg7 27. axb5
axb5 28. Bxb5 Bxd5 29. Rd1 Be4 30. Rb4 Rb8 31. Rxe4 Rxb5 32. Red4 Rb2 33. Rxd6
Raa2 34. Rf1 Re2 35. Rd4 h5 36. g4 hxg4 37. Rxg4 f5 38. Rf4 Kf6 39. g4 Kg5 40.
gxf5 gxf5 41. Rd1 Red2 42. Rxd2 Rxd2 43. Kg2 Ra2 44. Kg3 Ra3 45. Rb4 Rc3 46.
Rd4 Ra3 47. Kf3 Rb3 48. Rd8 Ra3 49. Rd6 Ra4 50. Re6 Rb4 51. Kg3 Rg4+ 52. Kh3
Rh4+ 53. Kg2 Rg4+ 54. Kf1 Ra4 55. f4+ Kg4 56. Ke2 Ra2+ 57. Kd3 Ra4 58. Re5 Rb4
59. Kc3 Ra4 60. Kb3 Ra1 61. Kc4 Rd1 62. Rd5 Re1 63. Kd4 Kf3 64. Ke5 Kg4 65. Rd3
Re2 66. Kf6 Re1 67. Ra3 Re2 68. Ke5 Re1 69. Rb3 Re2 70. Kd4 Rd2+ 71. Rd3 Ra2
72. Rd1 Ra4+ 73. Kd3 Ra3+ 74. Ke2 Ra2+ 75. Rd2 Ra3 76. Rd8 Ra2+ 1/2-1/2

[Event "4NCL/Div1/WG-PP"]
[Site "Rd01-Birmingham"]
[Date "2000.09.23"]
[Round "1.8"]
[White "Turvey, Syringa"]
[Black "Arakhamia, Ketevan"]
[Result "0-1"]
[WhiteElo "1520"]
[BlackElo "2405"]
[PlyCount "77"]
[EventDate "2000.09.23"]

1. Nf3 Nf6 2. g3 g6 3. Bg2 Bg7 4. d3 d5 5. Nbd2 Nc6 6. c3 O-O 7. O-O e5 8. e4
dxe4 9. dxe4 Qd3 10. Ne1 Qd6 11. Qe2 Bg4 12. f3 Be6 13. Nd3 Rad8 14. Nf2 Qc5
15. Nb3 Qc4 16. Qxc4 Bxc4 17. Rd1 b6 18. Bg5 a5 19. Nd2 Be6 20. Ng4 Bxg4 21.
fxg4 h6 22. Bxf6 Bxf6 23. Nf3 Ne7 24. h4 Nc8 25. g5 hxg5 26. Nxg5 Nd6 27. Nf3
Nxe4 28. Kh2 Nc5 29. b4 Na4 30. Rxd8 Rxd8 31. Rc1 e4 32. Ng5 Bxg5 33. hxg5 Rd2
34. Kh3 e3 35. Bc6 Nb2 36. Re1 Rd3 37. bxa5 bxa5 38. a4 Rxc3 39. Bb5 0-1

[Event "4NCL/Div1/BARB2-IND2"]
[Site "Rd02-Birmingham"]
[Date "2000.09.24"]
[Round "2.1"]
[White "Palliser, Richard"]
[Black "Mestel, Jonathan"]
[Result "0-1"]
[WhiteElo "2322"]
[BlackElo "2488"]
[PlyCount "62"]
[EventDate "2000.09.24"]

1. d4 d6 2. e4 g6 3. Nc3 a6 4. Be3 b5 5. Qd2 Bb7 6. f3 Nd7 7. a4 c6 8. Bd3 Bg7
9. Nge2 Ngf6 10. Bh6 O-O 11. h4 e5 12. dxe5 Nxe5 13. Ng3 d5 14. Bxg7 Kxg7 15.
exd5 Nxd3+ 16. Qxd3 Re8+ 17. Kf1 b4 18. dxc6 Bxc6 19. Nce4 Nxe4 20. Nxe4 Bxe4
21. fxe4 Qf6+ 22. Qf3 Qxb2 23. Re1 Re6 24. Kg1 Qxc2 25. h5 Qc5+ 26. Re3 Rc8 27.
hxg6 hxg6 28. Kf2 Qd4 29. Rh4 Rf6 30. Rf4 Rxf4 31. Qxf4 Rc3 0-1

[Event "4NCL/Div1/BARB2-IND2"]
[Site "Rd02-Birmingham"]
[Date "2000.09.24"]
[Round "2.2"]
[White "Bellin, Robert"]
[Black "Duncan, Chris"]
[Result "1/2-1/2"]
[WhiteElo "2369"]
[BlackElo "2310"]
[PlyCount "28"]
[EventDate "2000.09.24"]

1. Nf3 d5 2. b3 Nf6 3. Bb2 Bf5 4. g3 e6 5. Bg2 Be7 6. O-O O-O 7. d3 c5 8. Nbd2
Nc6 9. e3 Qc7 10. Qe2 e5 11. h3 h6 12. e4 dxe4 13. dxe4 Be6 14. c3 a6 1/2-1/2

[Event "4NCL/Div1/BARB2-IND2"]
[Site "Rd02-Birmingham"]
[Date "2000.09.24"]
[Round "2.3"]
[White "Rogers, Jonathan"]
[Black "Richardson, John"]
[Result "1-0"]
[WhiteElo "2329"]
[BlackElo "2348"]
[PlyCount "57"]
[EventDate "2000.09.24"]

1. d4 Nf6 2. Nf3 e6 3. Bg5 c5 4. e3 b6 5. d5 h6 6. Bxf6 Qxf6 7. Nc3 a6 8. a4
Be7 9. Nd2 Bb7 10. Nc4 exd5 11. Nxd5 Bxd5 12. Qxd5 Nc6 13. c3 O-O 14. Be2 b5
15. Nb6 Nb4 16. cxb4 Qxb6 17. axb5 cxb4 18. Rxa6 Rxa6 19. bxa6 Bf6 20. Qb3 d5
21. O-O d4 22. exd4 Bxd4 23. Bc4 Bc5 24. Qf3 Qa7 25. Rd1 Bd4 26. b3 Rd8 27. Rd2
Bf6 28. Rxd8+ Bxd8 29. Qxf7+ 1-0

[Event "4NCL/Div1/BARB2-IND2"]
[Site "Rd02-Birmingham"]
[Date "2000.09.24"]
[Round "2.4"]
[White "Giddins, Stephen"]
[Black "Hanley, Craig"]
[Result "1/2-1/2"]
[WhiteElo "2315"]
[BlackElo "2294"]
[PlyCount "102"]
[EventDate "2000.09.24"]

1. Nf3 d5 2. d4 Nf6 3. c4 c6 4. Qc2 dxc4 5. Qxc4 Bf5 6. g3 e6 7. Bg2 Be7 8. O-O
O-O 9. Nc3 Nbd7 10. Bg5 Ne4 11. Bxe7 Qxe7 12. Rfd1 Nb6 13. Qb3 c5 14. Ne5 Nxc3
15. bxc3 cxd4 16. cxd4 f6 17. Nd3 Bxd3 18. Rxd3 Rfd8 19. a4 Rac8 20. Rb1 Rc7
21. a5 Nc4 22. Qa2 Kh8 23. Rxb7 Rxb7 24. Bxb7 Qxb7 25. Qxc4 Rc8 26. Qa4 h6 27.
f3 Qa6 28. h4 Kh7 29. Kf2 Rc4 30. Qd7 Rc1 31. Rb3 Qxa5 32. Rb7 Qe1+ 33. Ke3
Qxg3 34. Qxe6 Qg6 35. Rxa7 Rc3+ 36. Kf2 Rc1 37. Qg4 Rd1 38. Ke3 f5 39. Qxg6+
Kxg6 40. Rd7 Kf6 41. Rd6+ Ke7 42. Rd5 Ke6 43. Ra5 Kf6 44. Ra6+ Ke7 45. h5 Kf7
46. Kf4 Rxd4+ 47. Kxf5 Rd5+ 48. Kg4 Rg5+ 49. Kh4 Rg1 {(=)} 50. Ra4 Rh1+ 51. Kg4
Rg1+ 1/2-1/2

[Event "4NCL/Div1/BARB2-IND2"]
[Site "Rd02-Birmingham"]
[Date "2000.09.24"]
[Round "2.5"]
[White "Plueg, Andreas"]
[Black "Hassabis, Demis"]
[Result "0-1"]
[WhiteElo "2313"]
[BlackElo "2237"]
[PlyCount "86"]
[EventDate "2000.09.24"]

1. d4 d5 2. Nf3 e6 3. c3 f5 4. Bf4 Nf6 5. Nbd2 Be7 6. e3 O-O 7. Ne5 Nbd7 8. Bd3
Nxe5 9. Bxe5 Bd7 10. O-O Be8 11. Qb3 b6 12. c4 Qd7 13. Rac1 c6 14. Rc2 Ng4 15.
Nf3 g5 16. Rfc1 Nh6 17. Qa4 g4 18. Ne1 dxc4 19. Qxc4 Bd6 20. Bxd6 Qxd6 21. g3
Nf7 22. Bf1 e5 23. dxe5 Qxe5 24. Nd3 Qf6 25. Bg2 Rc8 26. b4 Kh8 27. h3 h5 28.
Nf4 Nd8 29. h4 Bf7 30. Qa6 Ne6 31. Nd5 Qd8 32. Qa3 Qd7 33. Qc3+ Ng7 34. Nf6 Qe6
35. Nd5 cxd5 36. Qxc8 Rxc8 37. Rxc8+ Kh7 38. R1c7 Ne8 39. Bxd5 Qxd5 40. Rxe8
Kg6 41. Ree7 Qd1+ 42. Kh2 Bd5 43. e4 fxe4 0-1

[Event "4NCL/Div1/BARB2-IND2"]
[Site "Rd02-Birmingham"]
[Date "2000.09.24"]
[Round "2.6"]
[White "Friedgood, David"]
[Black "Twyble, Michael"]
[Result "0-1"]
[WhiteElo "2235"]
[BlackElo "2229"]
[PlyCount "116"]
[EventDate "2000.09.24"]

1. c4 e6 2. g3 d5 3. Bg2 Nf6 4. Nf3 dxc4 5. Qa4+ Nbd7 6. Qxc4 a6 7. d4 c5 8.
Bg5 b5 9. Qc2 Bb7 10. dxc5 Bxc5 11. Bxf6 Qxf6 12. O-O Rc8 13. Qd2 Nb6 14. Qf4
Qxf4 15. gxf4 Nc4 16. b3 Bxf3 17. Bxf3 Bd4 18. bxc4 Bxa1 19. Bb7 Rc7 20. Bxa6
b4 21. a3 bxa3 22. Nxa3 Bf6 23. Nb5 Rc5 24. Nd6+ Ke7 25. Ne4 Ra5 26. Bb5 Ra1
27. e3 Rxf1+ 28. Kxf1 Rb8 29. Ke2 Bb2 30. Kf3 Ba3 31. Nc3 Rd8 32. Ne2 Bb2 33.
Ng3 Rd2 34. f5 Rc2 35. fxe6 Kxe6 36. Ne2 Be5 37. Nd4+ Bxd4 38. exd4 Rc3+ 39.
Kg2 Kf5 40. d5 Ke5 41. h4 f6 42. h5 g5 43. hxg6 hxg6 44. f4+ Kd6 45. Kf2 g5 46.
fxg5 fxg5 47. Kg2 Ke5 48. Kf2 g4 49. Kg2 g3 50. Bc6 Kf4 51. d6 Rxc4 52. d7 Rc2+
53. Kg1 Rd2 54. Kf1 Kg4 55. Ke1 Rd6 56. Kf1 Kh3 57. Bg2+ Kh2 58. Bc6 Rxd7 0-1

[Event "4NCL/Div1/BARB2-IND2"]
[Site "Rd02-Birmingham"]
[Date "2000.09.24"]
[Round "2.7"]
[White "Lewis, Andrew P"]
[Black "Wade, Robert"]
[Result "0-1"]
[WhiteElo "2259"]
[BlackElo "2213"]
[PlyCount "128"]
[EventDate "2000.09.24"]

1. c4 Nf6 2. Nc3 c6 3. d4 d6 4. e4 e5 5. d5 Be7 6. Be2 Nbd7 7. Be3 cxd5 8. cxd5
O-O 9. Qc2 a5 10. Nb5 Ne8 11. Nf3 b6 12. O-O Nc5 13. Nc3 f5 14. Bxc5 bxc5 15.
exf5 Bxf5 16. Bd3 Bxd3 17. Qxd3 Rb8 18. b3 Rb4 19. Rae1 h6 20. Re4 Nf6 21. Rc4
Nh5 22. g3 Qe8 23. Nd2 Qf7 24. Nde4 Qf5 25. Qe2 Qh3 26. Rd1 Nf6 27. Nxf6+ Bxf6
28. Ne4 Qd7 29. Qh5 Be7 30. Qg6 Rfb8 31. Rd3 Qe8 32. Qxe8+ Rxe8 33. a3 Rxc4 34.
bxc4 Rb8 35. Kg2 Rb1 36. h4 Kf7 37. Kf3 g6 38. Ke2 Rc1 39. Rc3 Ra1 40. Rf3+ Kg7
41. Rb3 Ra2+ 42. Kd1 a4 43. Rf3 Rb2 44. Kc1 Rb8 45. Kc2 g5 46. hxg5 hxg5 47. g4
Rh8 48. Ng3 Kg6 49. Re3 Rh2 50. Ne4 Rh1 51. Nc3 Rf1 52. Re2 Bf6 53. Ne4 Be7 54.
Nd2 Rg1 55. f3 Rh1 56. Rf2 Re1 57. Rh2 Re3 58. Kb2 e4 59. fxe4 Bf6+ 60. Kc2
Rc3+ 61. Kd1 Rxa3 62. Rf2 Rc3 63. e5 Bxe5 64. Rf8 Bf4 0-1